000 00577nam a2200169Ia 4500
008 090201s9999 xx 000 0 und d
010 _aKPL-38819
040 _bमराठी
041 _aमराठी
082 _a21600
_b38819
100 _aभीमराव कुलकर्णी
245 _aभाऊसाहेबांची बखर
_cभीमराव कुलकर्णी
260 _c2004
_bअनमोल प्रकाशन
300 _a230
_bलहान
600 _aभाऊसाहेबांची बखर
942 _cBOOK
999 _c221214
_d221214